000 00361nam a2200145Ia 4500
005 20260328101453.0
008 260328s9999||||xx |||||||||||||| ||und||
100 _aVegara, Alfonso
245 0 _aTerritorios Inteligentes /
_cAlfonso Vegara
250 _a1a ed.
260 _bFundación Metrópolis
300 _a317 p.
650 _aDISEÑO URBANO
942 _cBK
999 _c8732
_d8732